Electoral process and the prospects for democracy consolidation contextualising the African multiparty elections of 2004 (Record no. 177854)

MARC details
000 -LEADER
fixed length control field 00379nam a2200097Ia 4500
082 ## - DEWEY DECIMAL CLASSIFICATION NUMBER
Classification number R 324.96033 ELEC
008 - FIXED-LENGTH DATA ELEMENTS--GENERAL INFORMATION
fixed length control field 210817s9999 xx 000 0 und d
100 ## - MAIN ENTRY--PERSONAL NAME
Personal name Adar, Korwa G. , 1949- Pretoria, South Africa, 2008
9 (RLIN) 56849
245 #0 - TITLE STATEMENT
Title Electoral process and the prospects for democracy consolidation contextualising the African multiparty elections of 2004
942 ## - ADDED ENTRY ELEMENTS
item type Books
Holdings
Withdrawn status Lost status Damaged status Not for loan Home library Current library Date acquired Cost, normal purchase price Total Checkouts Barcode Date last seen Price effective from item type
        Thistle Grove Thistle Grove 18.08.2021 200.00   3322810052767 18.08.2021 18.08.2021 Books